The silver branch (Record no. 296542)

MARC details
000 -LEADER
fixed length control field 00602nam a2200193Ia 4500
008 - FIXED-LENGTH DATA ELEMENTS--GENERAL INFORMATION
fixed length control field 191130s1957##################000#0#eng##
082 ## - DEWEY DECIMAL CLASSIFICATION NUMBER
Classification number 823.914 SUT
100 ## - MAIN ENTRY--AUTHOR NAME
Personal name Sutcliff, Rosemary
245 ## - TITLE STATEMENT
Title The silver branch
Statement of responsibility, etc Rosemary Sutcliff ; Illustrated by Charles Keeping
250 ## - EDITION STATEMENT
Edition statement 1st ed
260 ## - PUBLICATION, DISTRIBUTION, ETC. (IMPRINT)
Place of publication Oxford
Name of publisher Oxford University Press
Year of publication 1957
300 ## - PHYSICAL DESCRIPTION
Number of Pages 215 p. : illus. ; 23 cm
650 ## - SUBJECT ADDED ENTRY--TOPICAL TERM
Topical Term Great Britain - History - Roman period, 55 B.C.-449 A.D. Fiction
991 ## -
-- 402748
Holdings
Withdrawn status Lost status Damaged status Not for loan Home library Current library Date acquired Full call number Accession Number Price effective from Koha item type
        Anna Centenary Library Anna Centenary Library 15.10.2020 823.914 SUT 140322 15.10.2020 English Books

Find us on the map